| 000 | 00446nam a2200157Ia 4500 | ||
|---|---|---|---|
| 008 | 230917s9999||||xx |||||||||||||| ||und|| | ||
| 020 | _cPON6.5 | ||
| 040 |
_e18847 _aMAIN |
||
| 041 | _aEnglish | ||
| 082 | _a330.9 K124S | ||
| 100 | _aKalecki, Michal | ||
| 245 | 0 | _aSelected essays on the economic growth of the socialist and the mixed economy | |
| 260 |
_aCambridge _bCambridge University Press _c1972 |
||
| 300 | _avii, 176 p. | ||
| 942 | _cBK | ||
| 999 |
_c121918 _d121918 |
||